Stemmi Squadre di calcio dal dettaglio - Quiz n°17 - Statistics

Statistiche generali
  • Questo quiz è stato fatto 7 volte
  • Il punteggio medio è 7 su 10
Statistiche sulle risposte
con Immagini Risposta % Corretto
Cagliari
100%
Modena
100%
Nantes
100%
San Paolo
83%
Sporting Lisbona
83%
Tolosa
83%
Venezia
83%
Reading
67%
Luton Town
33%
Aalborg
0%
Nessun quiz corrispondente trovato
Distribuzione punteggi
Percentuale di utenti per punteggio
Percentile per numero di risposta
I tuoi punteggi nel tempo
Non hai fatto questo quiz